Korean Actresses by Picture #1 - Statistics

General Stats
  • This quiz has been taken 79 times
  • The average score is 7 of 16
Answer Stats
Picture Answer % Correct
Bae Suzy
77%
Claudia Kim
76%
Kim Jiwon
69%
Park Shinhye
67%
Yoona
64%
Jung Somin
61%
Kim Yoojung
56%
Seol Inah
49%
Shin Eunsoo
37%
Park Gyuyoung
36%
Shin Hyesun
29%
Roh Yoonseo
24%
Roh Jeongeui
23%
Go Younjung
17%
Chun Woohee
13%
Pyo Yejin
7%
No matching quizzes found
Score Distribution
Percent of People with Each Score
Percentile by Number Answered
Your Score History
You have not taken this quiz